|
|
|
|
| LEADER |
00000cam a2200000 4500 |
| 001 |
vtls012055145 |
| 003 |
SK-MaSNL |
| 005 |
20260301203502.0 |
| 008 |
210521s2020 xo oa crp 000 0 hun |
| 015 |
|
|
|a SNBA2021/07
|
| 020 |
|
|
|a 9788010038381
|q (brožované)
|
| 040 |
|
|
|a SNK
|b slo
|c SNK
|e rda
|
| 041 |
0 |
|
|a hun
|
| 044 |
|
|
|a xo
|c SK
|
| 072 |
|
7 |
|a 811.511.1
|x Ugrofínske jazyky
|2 konspekt
|
| 072 |
|
7 |
|a 37.016
|x Učebné osnovy. Vyučovacie predmety. Učebnice
|2 konspekt
|
| 080 |
|
|
|a 811.511.141
|2 2011
|
| 080 |
|
|
|a (075.2)
|2 2011
|
| 080 |
|
|
|a (075.3)
|2 2011
|
| 100 |
1 |
|
|a Bolgár, Katalin,
|d 1977-
|4 aut
|9 217278
|
| 245 |
1 |
0 |
|a Magyar nyelv
|b az alapiskola 8. osztálya és a nyolcosztályos gimnázium 3. osztálya számára
|c Bolgár Katalin, Bukorné Danis Erzsébet
|
| 246 |
3 |
1 |
|a Maďarský jazyk
|b pre 8. ročník základnej školy a 3. ročník gymnázia s osemročným štúdiom s vyučovacím jazykom maďarským
|
| 250 |
|
|
|a Ötödik kiadás
|
| 264 |
|
1 |
|a Bratislava
|b Slovenské pedagogické nakladateľstvo
|c 2020
|
| 300 |
|
|
|a 128 strán
|b farebné fotografie, farebné ilustrácie
|c 24 cm
|
| 336 |
|
|
|a text
|b txt
|2 rdacontent
|
| 337 |
|
|
|a bez média
|b n
|2 rdamedia
|
| 338 |
|
|
|a zväzok
|b nc
|2 rdacarrier
|
| 546 |
|
|
|a Súbežný názov a tiráž v slovenčine
|
| 650 |
0 |
7 |
|a maďarčina
|2 SNKPH
|9 1492
|
| 650 |
0 |
7 |
|a Hungarian language
|2 SNKPHeng
|9 266361
|
| 655 |
|
7 |
|a učebnice základných škôl
|2 SNKPH
|9 70187
|
| 655 |
|
7 |
|a Textbooks (elementary)
|2 SNKPHeng
|9 276977
|
| 655 |
|
7 |
|a učebnice stredných škôl
|2 SNKPH
|9 69323
|
| 655 |
|
7 |
|a Secondary school textbooks
|2 SNKPHeng
|9 135487
|
| 700 |
1 |
|
|a Bukorné Danis, Erzsébet
|4 aut
|9 333080
|
| 700 |
1 |
|
|a Balázsy, Géza,
|d 1959-
|4 ill
|9 88598
|
| 710 |
2 |
|
|a Slovenské pedagogické nakladateľstvo - Mladé letá
|4 pbl
|9 211357
|
| 919 |
|
|
|a 978-80-10-03838-1
|
| 958 |
|
|
|a HU
|
| 999 |
|
|
|c 902810
|d 904740
|
| 952 |
|
|
|a SNK
|b SNK
|y PREZ
|7 0
|p 17A1454354
|o snkSC 192730
|i snk2021/5380
|8 0
|0 0
|1 0
|4 0
|d 2021-05-21
|f 1
|l 0
|r 2025-10-09 00:00:00
|w 2026-02-24
|
| 952 |
|
|
|a SNK
|b SNK
|y VYP
|7 0
|p 17A1454355
|o snkSC 192730 D1
|i snk2021/5381
|8 0
|0 0
|1 0
|4 0
|d 2021-05-21
|l 0
|r 2026-02-24 07:18:48
|w 2026-02-24
|